| 000 | 00489nam a2200145Ia 4500 | ||
|---|---|---|---|
| 008 | 220216s9999 xx 000 0 und d | ||
| 100 | _aDey S K | ||
| 245 | 0 | _aEffect of planting density of growth and yield of rubber (Hevea brasiliensis) in North Eastern India | |
| 260 | _bPreprints of Papers. International Natural Rubber Conference 13-14 November 2006, Vietnam, pp.268-274. | ||
| 650 | _aGrowth | ||
| 650 | _aPlanting density | ||
| 650 | _aYield | ||
| 700 | _aPal T K | ||
| 942 | _cBS | ||
| 999 |
_c48762 _d48762 |
||